|
|
|
|
| LEADER |
00000nam a2200000 a 4500 |
| 001 |
UCY9298 |
| 003 |
CL-VaPUC |
| 008 |
950713e19930000SP |||||||||||||||||spa|d |
| 082 |
0 |
4 |
|a 340.1
|b COT
|2 21
|
| 100 |
0 |
|
|a Cotta, Sergio
|e author
|9 328307
|
| 245 |
1 |
0 |
|a Qué es el derecho?
|
| 300 |
|
|
|a 153 p
|
| 942 |
|
|
|c BK
|
| 945 |
|
|
|d 19950713 00:00:00
|a aalvarez
|
| 260 |
|
|
|a Madrid
|b Rialp
|c 1993
|
| 650 |
|
0 |
|a Filosofía del derecho
|9 255050
|
| 583 |
|
|
|a last modification
|c 19950713 00:00:00
|k Rodrigo Vera
|
| 999 |
|
|
|c 236421
|d 236419
|
| 952 |
|
|
|0 0
|1 0
|4 0
|6 340_100000000000000_COT_1993
|7 0
|8 DER_TF
|9 244501
|a BIBDER
|b BIBDER
|d 2019-11-18
|i 3107159
|l 1
|o 340.1 COT 1993
|p 3107159
|r 2023-01-25
|s 2020-03-18
|w 2019-11-18
|x Ubicación 4to Piso
|y BK
|z Estos recursos deben solicitarse con anticipación
|k DER
|